MDQL
is popping MORE tags! Check the
thread
!
Quizzes
Events
Quiz Creation
Community
Videos
Private Events
Remove Ads
Sign In
Join for FREE
Feedback
Dark Mode
Quiz Categories
Sports
Geography
Music
Movies
Television
Just For Fun
Miscellaneous
History
Literature
Language
Science
Gaming
Entertainment
Religion
Holiday
For Kids
Quiz Lab
Recent
Popular Today
Quiz Kudos Today
Editor Picks
Curator Picks
Quizzes by...
Day
Popularity
Type
Ratings
Length
Year
Community
Subscriptions
Recent Discussions
Orange Saloon
Badges
Playlists
Quests
Create
Leaderboards
Showdown
Live 5
Trivia Bingo
Activity
Puzzle Library
Sporcle Events
Private Events
Virtual Trivia
Globe League
Become a Host
Pub Owners
SporcleCon
Opinionation
Our Games
Videos
Blog
Mobile Apps
Partnerships
Remove Ads and Go Orange
Feedback
Miscellaneous
Crossword
General Knowledge
Baby Names
Logo
Food
Cars
Numbers
Grab Bag
University
College
Popular
Company
Slogans
Restaurants
Justice
Letter
Miscellaneous
Crossword
General Knowledge
Baby Names
Logo
Food
Cars
Numbers
Grab Bag
University
College
Popular
Company
Slogans
Restaurants
Justice
Letter
Random Quiz
Search Sporcle
×
Quiz Lab
Quiz Lab
Miscellaneous
Symptom
Type in answers that appear in a list
Type in answers that appear in a list
Classic
Best Score? Go Orange.
Medical Conditions Stats
Can you name the illness or medical condition described below?
By
lbuller
7m
14 Questions
2,725 Plays
2,725 Plays
2,725 Plays
Comments
Comments
Give Quiz Kudos
Give Quiz Kudos
-
- Ratings
hide this ad
Replay
Link that replays current quiz
Next Quiz
Link to next quiz in quiz playlist
You Got
0%
They Got
Avg Score
59%
Avg Friend Score
Upgrade to see
Score Distribution
Jump to the score distribution portion of the page
Score
0/14
Timer
07:00
0
Plays Today
Symptoms
Illness/Condition
% Correct
Blood sugar irregularity, excessive thirst/
appetite, unusual weight loss/
gain, fatigue, dry mouth, nausea/
vomiting
Diabetes
87.5%
Curvature of the spine
Scoliosis
77.6%
Seizures resulting from abnormal electric activity in the brain
Epilepsy
72.7%
A group of small, red blisters around the mouth
Cold sore
72.3%
A mole characterized by asymmetry/
irregular shape/
non-
uniform color/
over 6 mm in diameter
Melanoma
70.8%
Inflamed/
easily bleeding gums, bad breath, receding gums
Gum disease
70.4%
Angina (chest pain/
discomfort/
heaviness/
pressure/
aching, etc.), shortness of breath
Heart disease
69.4%
Symptoms
Illness/Condition
% Correct
Joint redness/
warmth/
swelling/
pain, stiffness, fatigue
Arthritis
68.3%
Coughing, wheezing, shortness of breath, chest tightness/
pain/
pressure
Asthma
62%
Itchy rashes, red spots, blisters on the skin
Chicken pox
51.7%
Skin rash especially near a tick bite, fatigue, stiff neck, chills, fever, muscle aches, swollen lymph nodes
Lyme Disease
47.8%
Stomach irritation especially after eating food with gluten, gas, abdominal swelling/
bloating, abnormal stools, weight loss, fatigue/
weakness, vomiting,
Celiac Disease
37.3%
Cloudy/
fuzzy vision, glare from lights, double vision
Cataracts
26.7%
Off-
color discharge in women, lower abdominal pain, conjunctivitis, painful urination, bleeding between periods/
after intercourse
Gonorrhea
18.7%
Quiz Playlist
Details
Report
Send in Message
Add To Playlist
Classic:
Type in answers that appear in a list
Quiz Source
Last Updated: May 9, 2017
Quiz Scoreboard
CHALLENGE
Sign Up to Join the Scoreboard
Show All
Scores
Hide
Comments
May contain spoilers
Recently Published
Image Sorting: Flags VI
by Barbecue
Geography
2m
Find the 'City' Movie
by crazypaving
Movies
60s
Colored Red Africa Blitz
by spor1
Geography
45s
More to Explore
Quiz From the Vault
Featured Blog Post
14 Easter Pick-up Lines to Find Eggs With
hide this ad
You Might Also Like...
Tags
condition
illness
Medical
Symptom
Today's Top Quizzes in Miscellaneous
Browse Miscellaneous
hide this ad
Top Contributed Quizzes in Miscellaneous
1
The JOE quick-fire general knowledge quiz: Day 174
2
5-to-1: Fast Food
3
9x9 Crossword: Disney Movie Titles
4
The JOE quick-fire general knowledge quiz: Day 173
5
9x9 Crossword: Charlie and the Chocolate Factory
6
9x9 Crossword: Actors
7
9x9 Crossword: 2022 Movies
8
9x9 Crossword: Flags
9
9x9 Crossword: The Simpsons
10
9x9 Crossword: Pixar Movie Titles
Explore More
Trending Topics
Crossword
Harry Potter
Kpop
Marvel
NBA
Anime
Disney
Soccer
NFL
The Office
Song
Pokémon
Puzzle
WWE
Country
hide this ad
More By:
lbuller
Quiz
Plays
Rating
Category
Featured
Created
'O'-Less States
613,902
4.32
Geography
Oct 24, 2009
Medical Conditions
2,725
2.78
Miscellaneous
Nov 15, 2009
Most Commonly Purchased Produce
2,582
3.27
Miscellaneous
Nov 22, 2009
Go to Creator's Profile
Score Distribution
Quiz Creator Spotlight
lbuller
Follow
Send a Message
Quizzes Created
-
Created Quiz Play Count
-
More By This Creator
Popular Quizzes Today
1
Colored Red Africa Blitz
2
Find the US States - No Outlines Minefield
3
Find the 'City' Movie
4
5x2 Blitz: Bands
5
The Countries of the World
6
Find the US States
7
Find the Countries of Europe - No Outlines Minefield
8
US States
More Miscellaneous Quizzes
Logos Through the Ages: Adidas
Published
Trending Quizzes
Colored Red Europe Blitz I
Colored Red Europe Blitz II
Colored Red Africa Blitz II
Colored Red Europe Blitz III
Colored Red Africa Blitz III
Recently Updated
How Do You Spell That?
pecheneg
Godzilla Movies
pecheneg
Grab Bag: 4-10 Letters
pecheneg
2024 March Madness Bracket
pecheneg
Famous TV Couples
Peacemaker
Champions League XIs: Real Madrid
pecheneg
Largest US Cities 1790-2010
pecheneg
Rides in Walt Disney World
pecheneg
Most Oscar Losses (Acting)
pecheneg
Beyoncé Albums
pecheneg
Trending Topics
Kpop
Harry Potter
NBA
Anime
Disney
Marvel
Crossword
Song
The Office
Country
Puzzle
Pokémon
WWE
NFL
Soccer
Your Account Isn't Verified!
In order to create a playlist on Sporcle, you need to verify the email address you used during registration. Go to your
Sporcle Settings
to finish the process.
Report this User
Report this user for behavior that violates our
Community Guidelines
.
Details:
Send Report
Go to the Sporcle.com Mobile Site →
Comments